LEADER 01702nam a2200337 u 4500 001 000000020669 003 CaOOAMICUS 005 20070226110927.0 008 940517s1982 it u000 u fre u 035 $a10506021 040 $aBAV$bita$dPUL(R) 100 1 $aPérisset, Jean-Claude.$0(OLS)http://pul/name/17932 245 10$aCuré et presbytérium paroissial :$banalyse de Vatican II pour une adaptation des normes canoniques du prêtre en paroisse /$cJean-Claude Périsset. 260 $aRoma :$bUniversità Gregoriana,$c1982. 300 $axxxvii, 450 p. ;$c24 cm 490 1 $aAnalecta Gregoriana ;$v227 490 1 $aAnalecta Gregoriana., Series Facultatis Iuris Canonici.$aSectio B ;$v46 500 $aComprende indici. 502 $aDiss. -- Pontificia Università Gregoriana (Roma) 504 $aBibliografia: p. xxiii-xxxvii. 650 4$aCura pastorale.$0(OLS)http://pul/subject/13596 710 2 $aPontificia Università Gregoriana.$0(OLS)http://pul/name/147 830 0$aAnalecta Gregoriana ;$v227.$0(OLS)http://pul/title/183 830 0$aAnalecta Gregoriana.$pSeries Facultatis Iuris Canonici.$nSectio B ;$v46.$0(OLS)http://pul/title/2871 850 $aPUL 852 $aPUL$W1$xSL Religione 2$y84$mTheol A1 227$j29056$nBK-PRI$b $qStampati altre collocazioni$B29056$CPULBib$Z2$F29056 $H $81 910 $aPontificia Universitas Gregoriana$9147 941 1 $a10 961 $aINV: 60638 996 $6245$aCuré et presbytérium paroissial :$banalyse de Vatican II pour une adaptation des normes canoniques du prêtre en paroisse$9(OLS)http://pul/title/29054 996 $6260$aRoma :$bUniversità Gregoriana$9(OLS)http://pul/publisher/48400 LEADER 00905naa a2200229 u 4500 001 000000093974 003 CaOOAMICUS 005 20070226130136.0 008 010723m19851988fr u000 u eng u 035 $a10898207 040 $aPUL(R)$bita 100 1 $aSette-Camara, José,$d1920-$0(OLS)http://pul/name/60435 245 10$aPollution of international rivers /$cby José Sette-Camara. 260 $a[S. l. :$bs. n.],$c1985-1988. 300 $aP. [117-217] 504 $aBibliografia in nota. 650 4$aDiritto marittimo.$0(OLS)http://pul/subject/2922 650 4$aEcologia.$0(OLS)http://pul/subject/9850 773 0 $tRecueil des cours$gv.III (1984) 773 0 $tRecueil des cours 1984 : collected courses of The Hague Academy of International Law$w()60437 996 $6245$aPollution of international rivers$9(OLS)http://pul/title/120831 996 $6260$a[S. l. :$bs. n.]$9(OLS)http://pul/publisher/47882